Skoki Narciarskie sezon 2018/2019, klasyfikacjadrużynowa - Statystyki

Ogólne statystyki
  • Ten quiz został rozwiązany 392 razy
  • Średni wynik to 12 z 15
Statystyki odpowiedzi
Miejsce Występy Liczba zawodników zdobywających punkty dla danej reprezentacji w konkursach indywidualnych Ind. Druż. Razem Reprezentacja % Poprawnych
1. 35 7 3833 2250 6083 Polska
100%
2. 35 11 3300 2350 5650 Niemcy
98%
4. 35 10 2530 2000 4530 Austria
92%
3. 35 8 3063 1750 4813 Japonia
92%
5. 35 9 2943 1000 3943 Norwegia
91%
6. 35 11 2036 1700 3736 Słowenia
87%
7. 35 4 717 750 1467 Szwajcaria
84%
10. 33 4 296 100 396 Finlandia
77%
8. 33 5 606 450 1056 Czechy
76%
9. 33 4 617 250 867 Rosja
76%
12. 20 1 18 ------- 18 Kanada
67%
12. 14 1 18 ------- 18 Stany Zjednoczone
67%
11. 18 1 134 ------- 134 Bułgaria
65%
15. 14 1 7 ------- 7 Włochy
63%
14. 3 1 12 ------- 12 Estonia
59%
Nie znaleziono quizów pasujących do podanych kryteriów
Rozkład punktacji
Procent ludzi z każdym wynikiem
Percentyl według liczby udzielonych odpowiedzi
Twoja historia wyników
Nie rozwiązałeś tego quizu